000 00598nam a2200181Ia 4500
008 090630s9999 xx 000 0 und d
082 _b2108
100 _aआपटे ह. ना.
245 _aचाणाक्षपणाचा कळस.
_cआपटे ह. ना.
260 _bआर्यभुषण.
300 _a127
600 _aआपटे ह. ना.
630 _aचाणाक्षपणाचा कळस.
655 _aकादंबरी.
700 _aआपटे ह. ना.
730 _aचाणाक्षपणाचा कळस.
942 _cBOOK
999 _c253964
_d253964